000
00312nam a22001337a 4500
020
_q
PB.
040
_c
FIZZA ISHAQ
082
_a
005.453
_b
DIC
100
_a
GRUNE,DICK.
_9
91222
245
_a
MODERN COMPILER DESIGN /
_c
DICK GRUNE.
260
_a
SSBM PUBLISHER ;
_c
2012.
300
_a
822 P. ;
942
_2
ddc
_c
BK
999
_c
589398
_d
589398